| Tag |
First Indicator |
Second Indicator |
Subfields |
| LEADER |
00000cam a2200000 4500 |
| 001 |
in00000075020 |
| 005 |
20151008060247.0 |
| 008 |
760414s1964 enkac 00000 eng d |
| 010 |
|
|
|a 65007374
|
| 035 |
|
|
|a (OCoLC)02110873
|
| 035 |
|
|
|9 AAJ5416AM
|
| 040 |
|
|
|c SVP
|d TXA
|d UtOrBLW
|
| 049 |
|
|
|a TXAM
|c [900230]
|
| 090 |
|
|
|a GV849
|b .B5 1964
|
| 100 |
1 |
|
|a Bird, Dennis Leslie.
|
| 245 |
1 |
0 |
|a Figure skating for beginners /
|c [by] John Noel. Foreword by Don Jackson. Diagrs. by C. de la Nougerede.
|
| 264 |
|
1 |
|a London,
|a New York :
|b T. Nelson,
|c [1964]
|
| 300 |
|
|
|a xii, 126 pages :
|b illustrations, portraits ;
|c 20 cm.
|
| 336 |
|
|
|a text
|b txt
|2 rdacontent
|
| 337 |
|
|
|a unmediated
|b n
|2 rdamedia
|
| 338 |
|
|
|a volume
|b nc
|2 rdacarrier
|
| 650 |
|
0 |
|a Skating.
|
| 999 |
|
|
|a MARS
|
| 999 |
f |
f |
|s 7e71dd15-0586-30cc-bd22-73cca5d214f5
|i 77c951e0-9534-339e-870a-6e566ce6d7c8
|t 0
|
| 952 |
f |
f |
|p normal
|a Texas A&M University
|b College Station
|c Sterling C. Evans Library
|d Evans: Library Stacks
|t 0
|e GV849 .B5 1964
|h Library of Congress classification
|i unmediated -- volume
|m A14802472048
|
| 998 |
f |
f |
|a GV849 .B5 1964
|t 0
|l Evans: Library Stacks
|